000 00732nam a22002172 4500
001 0000020392
005 20151217152213.0
008 110916s xx 000 0 eng d
020 _a0865693161 :
040 _aKABU
_cKABU
100 1 _aGreen, Edward C.
_@0000180634
245 1 0 _aRethinking AIDS prevention :
_blearning from successes in developing countries. /
_cEdward C. Green.
250 _a1st ed.
260 _aLondon :
_bWestport, Connecticut,
_c2003.
300 _axii, 374 p.
650 0 _aAIDS (Disease)
_xPrevention.
_@0000164278
650 0 _aAIDS (Disease)
_xPrevention.
_zDeveloping countries.
_@0000180635
852 1 _9p4790 KES
908 _a110916
950 _@1
999 _c9306
_d9306